000 00959nam a2200265 a 4500
001 51910
003 BD-RjUL
005 20211209075729.0
008 160904s2002 dcua sb i000 0 eng
020 _z0821351761
035 _a( BD-RjUL) 52030
040 _aBD-RjUL
_beng
_cBD-RjUL
041 _aeng
082 0 4 _a332.1091724
_223
_bFIN 2002
245 0 0 _aFinancial sector policy for developing countries :
_ba reader /
_cedited by Gerard Caprio ; Patrick Honoha ; Dimitri Vittas.
260 _aNew York :
_bOxford University Press,
_cc2002.
300 _axviii, 250 p. :
_bill. ;
_c23 cm.
504 _aIncludes bibliographical references.
650 0 _aFinance
_zDeveloping countries.
_9133984
650 0 _aBanks and banking
_zDeveloping countries.
_9155259
650 0 _aInternational finance.
_9155260
655 7 _aElectronic books.
_2local
_9129485
700 1 _aedited by Gerard Caprio ; Patrick Honoha ; Dimitri Vittas.
_9155261
942 _2ddc
_cBK
999 _c51910
_d51910